Zákony Anttiho Keplera

Bibliographic Details
Main Author: Katz, Daniel, 1938- (Author)
Other Authors: Drábeková, Zuzana, 1958- (Translator)
Format: Book
Language:Slovak
Finnish
PhysicalDescription:181 s. 22 cm
Published: Bratislava Slovart 2009
ISBN:9788080856854
Edition:[1. vyd.]
Series:MM
Subjects:

MARC

LEADER 00000cam a2200000 a 4500
001 vtls009519670
003 SK-MaSNL
005 20260301171309.0
008 251029s2009 xo g 000 f slo
015 |a SNBA2010/04-02096 
020 |a 9788080856854  |q (viaz.) 
035 |a 05FC8573-2BA6-410C-B5A9-FFFCE40E01E9 
035 |a urn:nbn:sk:snk-amk8ka 
035 |a urn:nbn:sk:snk-am00894b 
040 |a SNK  |b slo  |c SNK  |e AACR2 
041 1 |a slo  |h fin 
044 |a xo  |c SK 
072 7 |a 821.511.1  |x Ugrofínske literatúry  |2 konspekt 
080 |a 821.511.111-31  |2 2001 
100 1 |a Katz, Daniel,  |d 1938-  |4 aut  |9 13598 
240 1 0 |a Antti Keplerin lait  |l Slovensky 
245 1 0 |a Zákony Anttiho Keplera  |c Daniel Katz ; z fínčiny preložila Zuzana Drábeková 
250 |a [1. vyd.] 
260 |a Bratislava  |b Slovart  |c 2009 
300 |a 181 s.  |c 22 cm 
490 1 |a MM  |v zv. 82 
655 7 |a fínske romány  |2 SNKPH  |9 70818 
700 1 |a Drábeková, Zuzana,  |d 1958-  |4 trl  |9 105789 
830 0 |a MM  |9 297775 
919 |a 978-80-8085-685-4 
958 |a UP 
958 |a LX 
968 |b SUO  |d 821 
999 |c 830409  |d 832339 
952 |a SNK  |b SNK  |y PREZ  |7 0  |p 17A0625738  |o snkSC 136175 D1  |i snk2009/13043  |8 0  |0 0  |1 0  |4 0  |d 2009-07-20  |f 1  |l 0  |r 2026-02-24 03:36:04  |w 2026-02-24 
952 |a SNK  |b SNK  |y PREZ  |7 0  |p 17A0624171  |o snkSC 136175  |i snk2009/11099  |8 0  |0 0  |1 0  |4 0  |d 2009-06-17  |l 0  |r 2025-07-02 00:00:00  |w 2026-02-24